[Event "ISL-chT2 1819"]
[Site "Reykjavik"]
[Date "2019.03.02"]
[Round "6.1"]
[White "Lee, Gudmundur Kristinn"]
[Black "Sigurjonsson, Stefan Thor"]
[Result "0-1"]
[WhiteElo "1849"]
[BlackElo "2075"]
[PlyCount "100"]
[EventDate "2018.11.09"]
[EventType "team-tourn"]
[EventRounds "7"]
[EventCountry "ISL"]
[SourceTitle "CBM 189 Extra"]
[Source "ChessBase"]
[SourceDate "2019.06.03"]
[SourceVersion "1"]
[SourceVersionDate "2019.06.03"]
[SourceQuality "1"]
[WhiteTeam "Hrokar alls Fagnadar"]
[BlackTeam "Vikingaklubburinn II"]
[WhiteTeamCountry "ISL"]
[BlackTeamCountry "ISL"]

1. e4 e6 2. Qe2 d5 3. exd5 Qxd5 4. Nc3 Qd8 5. b3 Nc6 6. Nf3 Nf6 7. Bb2 Bc5 8. 0-0-0 0-0 9. h3 Nd4 10. Qe5 Qd6 11. Qg5 h6 12. Qh4 Nf5 13. Qc4 a6 14. Ne4 Nxe4 15. Qxe4 Bxf2 16. Bd3 Qd5 17. Qg4 f6 18. Rhf1 Bb6 19. Qg6 Bd7 20. Bc4 Qc6 21. Ne5 Nh4 22. Qg4 fxe5 23. Bxe5 Qxg2 24. Bxe6+ Bxe6 25. Qxe6+ Kh7 26. Rxf8 Rxf8 27. Qe7 Rf1 28. Qxh4 Rxd1+ 29. Kxd1 Qf1+ 30. Qe1 Qxh3 31. Qe4+ g6 32. Kc1 Qe6 33. Qf4 c6 34. Bc3 Qe7 35. Qb8 g5 36. Qh8+ Kg6 37. Qc8 Bc5 38. d3 Ba3+ 39. Kd1 Qf7 40. Qg4 h5 41. Qe4+ Kh6 42. Bd2 Qf1+ 43. Be1 h4 44. Qg4 h3 45. Qe6+ Kh5 46. Qe8+ Kg4 47. Qe6+ Qf5 48. Qc4+ Kf3 49. Qd4 Kg2 50. Ke2 Qf3+ 0-1

[Event "ISL-chT2 1718"]
[Site "Reykjavik"]
[Date "2017.10.21"]
[Round "3.1"]
[White "Lee, Gudmundur Kristinn"]
[Black "Ingvason, Johann"]
[Result "0-1"]
[WhiteElo "1819"]
[BlackElo "2154"]
[PlyCount "224"]
[EventDate "2017.10.20"]
[EventType "team-tourn"]
[EventRounds "7"]
[EventCountry "ISL"]
[SourceTitle "CBM 181 Extra"]
[Source "ChessBase"]
[SourceDate "2017.12.12"]
[SourceVersion "1"]
[SourceVersionDate "2017.12.12"]
[SourceQuality "1"]
[WhiteTeam "Hrokar alls Fagnadar"]
[BlackTeam "Reykjanesbaejar"]
[WhiteTeamCountry "ISL"]
[BlackTeamCountry "ISL"]

1. d4 d5 2. c4 e6 3. Nc3 c6 4. Nf3 Nd7 5. Bf4 Ngf6 6. e3 Be7 7. Bd3 dxc4 8. Bxc4 Qa5 9. 0-0 Nb6 10. Bd3 Nbd5 11. Nxd5 exd5 12. Qc2 h6 13. a3 Nh5 14. Be5 0-0 15. Rac1 f6 16. Bg3 Be6 17. Bh7+ Kh8 18. Nh4 Bf7 19. Bg6 Nxg3 20. Bxf7 Rxf7 21. fxg3 Qd8 22. Qg6 Qe8 23. Nf5 Bf8 24. Rf3 Rd7 25. Qg4 h5 26. Qh3 g6 27. Nh4 g5 28. Ng6+ Kg7 29. Qf5 Rd6 30. Nxf8 Qxf8 31. h4 g4 32. Rf4 Qe8 33. Re1 Qg6 34. e4 dxe4 35. Qxe4 Qxe4 36. Rfxe4 Kg6 37. Kf2 a5 38. Rc1 Ra6 39. Rc3 Rb6 40. b3 Rd5 41. Ke2 f5 42. Re6+ Kf7 43. Rh6 Rxd4 44. Rxh5 Rb5 45. Rh7+ Kf6 46. Re3 Re4 47. Rxe4 fxe4 48. Ke3 Rxb3+ 49. Kxe4 c5 50. Kf4 b5 51. Rh6+ Kg7 52. Rb6 c4 53. h5 Rb1 54. h6+ Kf7 55. Kg5 c3 56. Rb7+ Ke6 57. h7 Rh1 58. Kg6 Kd6 59. Rb8 Kc5 60. h8Q Rxh8 61. Rxh8 Kd4 62. Rd8+ Ke4 63. Re8+ Kd3 64. Kf5 b4 65. Rd8+ Ke3 66. Re8+ Kd2 67. axb4 axb4 68. Rb8 c2 69. Rxb4 c1Q 70. Rxg4 Qc8+ 71. Kg5 Qg8+ 72. Kf4 Qf7+ 73. Kg5 Qd5+ 74. Kf4 Qxg2 75. Rg5 Kd3 76. Rg4 Qd5 77. Rh4 Qf7+ 78. Kg4 Qe6+ 79. Kg5 Qe7+ 80. Kg4 Ke3 81. Kf5 Kf3 82. Rf4+ Kxg3 83. Re4 Qf7+ 84. Ke5 Kf3 85. Rd4 Qh5+ 86. Kd6 Ke3 87. Rd5 Qh2+ 88. Kc5 Qc7+ 89. Kb4 Ke4 90. Rc5 Qd6 91. Kc4 Qa6+ 92. Rb5 Qc6+ 93. Rc5 Qa4+ 94. Kc3 Qa1+ 95. Kb4 Kd4 96. Kb5 Qf1+ 97. Kb6 Qf7 98. Rc7 Qe8 99. Rb7 Kd5 100. Ka6 Kc5 101. Ka7 Qd8 102. Rh7 Qb6+ 103. Ka8 Qa6+ 104. Kb8 Qd6+ 105. Ka7 Qb6+ 106. Ka8 Qa5+ 107. Kb8 Qb4+ 108. Rb7 Qf4+ 109. Ka8 Kc6 110. Rb6+ Kc7 111. Rb7+ Kc8 112. Rb6 Qa4+ 0-1

[Event "ISL-chT2 1516"]
[Site "Reykjavik"]
[Date "2016.03.04"]
[Round "5.3"]
[White "Benediktsson, Thorir"]
[Black "Lee, Gudmundur Kristinn"]
[Result "1-0"]
[WhiteElo "1913"]
[BlackElo "1724"]
[PlyCount "69"]
[EventDate "2015.09.25"]
[EventType "team-tourn"]
[EventRounds "7"]
[EventCountry "ISL"]
[SourceTitle "EXT 2017"]
[Source "ChessBase"]
[SourceDate "2016.10.25"]
[SourceVersion "1"]
[SourceVersionDate "2016.10.25"]
[SourceQuality "1"]
[WhiteTeam "Reykjavik III"]
[BlackTeam "Iceland CC"]
[WhiteTeamCountry "ISL"]
[BlackTeamCountry "ISL"]

1. e4 e5 2. Nf3 Nc6 3. d4 exd4 4. Nxd4 Bc5 5. Be3 Qf6 6. c3 Nge7 7. Bc4 0-0 8. 0-0 d6 9. Nb5 Bxe3 10. fxe3 Qg5 11. Nxc7 Bh3 12. Qf3 Ne5 13. Qxh3 Nxc4 14. Nxa8 Nxe3 15. Rf2 Nd1 16. Rd2 Qc5+ 17. Kf1 Ne3+ 18. Ke2 Nc4 19. Rc2 Ng6 20. Qf3 f5 21. Qf2 Qc6 22. Nd2 fxe4 23. Qd4 Nf4+ 24. Kd1 b5 25. Nxc4 bxc4 26. Rf2 Qxa8 27. Qxc4+ d5 28. Qf1 Qb8 29. g3 Ng6 30. Rxf8+ Nxf8 31. Kc2 Qc8 32. Rd1 Qc5 33. Qf5 Qe3 34. Rf1 Qc5 35. Qf7+ 1-0

[Event "ISL-chT2 1516"]
[Site "Reykjavik"]
[Date "2015.09.25"]
[Round "1.4"]
[White "Lee, Gudmundur Kristinn"]
[Black "Snorrason, Snorri"]
[Result "1-0"]
[WhiteElo "1724"]
[BlackElo "1908"]
[PlyCount "83"]
[EventDate "2015.09.25"]
[EventType "team-tourn"]
[EventRounds "7"]
[EventCountry "ISL"]
[SourceTitle "EXT 2017"]
[Source "ChessBase"]
[SourceDate "2016.10.25"]
[SourceVersion "1"]
[SourceVersionDate "2016.10.25"]
[SourceQuality "1"]
[WhiteTeam "Iceland CC"]
[BlackTeam "Reykjanesbaejar"]
[WhiteTeamCountry "ISL"]
[BlackTeamCountry "ISL"]

1. e4 c6 2. d4 d5 3. Nc3 dxe4 4. Nxe4 Bf5 5. Ng3 Bg6 6. Nf3 Nd7 7. Be2 e6 8. 0-0 h5 9. h4 Bd6 10. Re1 Qc7 11. Nf1 0-0-0 12. Bd3 Bxd3 13. Qxd3 Nh6 14. c4 Nf8 15. Qc2 Nf5 16. Qe4 c5 17. b4 Nxd4 18. Nxd4 Bh2+ 19. Nxh2 Rxd4 20. Qe5 Rxh4 21. Qxc5 Qxc5 22. bxc5 Rxc4 23. Be3 Ng6 24. Nf3 h4 25. Rec1 Ra4 26. c6 b6 27. Rd1 Rd8 28. Rxd8+ Kxd8 29. Rd1+ Kc7 30. Rd7+ Kxc6 31. Rxf7 Rxa2 32. Rxg7 Nf8 33. Nd4+ Kd5 34. Rg8 Nh7 35. Ra8 Ra1+ 36. Kh2 a5 37. Rd8+ Kc4 38. Nxe6 Nf6 39. Rd4+ Kb3 40. Rxh4 Nd5 41. Bd4 Re1 42. Nc7 1-0

[Event "Reykjavik op"]
[Site "Reykjavik"]
[Date "2015.03.16"]
[Round "8"]
[White "Chadwick, Susan E"]
[Black "Lee, Gudmundur Kristinn"]
[Result "0-1"]
[WhiteElo "1370"]
[BlackElo "1676"]
[PlyCount "64"]
[EventDate "2015.03.10"]
[EventType "swiss"]
[EventRounds "10"]
[EventCountry "ISL"]
[SourceTitle "CBM 165 Extra"]
[Source "ChessBase"]
[SourceDate "2015.04.21"]
[SourceVersion "1"]
[SourceVersionDate "2015.04.21"]
[SourceQuality "1"]

1. d4 d5 2. Nf3 Nf6 3. e3 Bf5 4. Be2 e6 5. 0-0 c5 6. b3 Nc6 7. Bb2 Bd6 8. c3 0-0 9. Nbd2 Rc8 10. Rc1 Ne7 11. Nh4 Qc7 12. f4 a6 13. c4 Qb6 14. Nhf3 Ng4 15. Ne5 Nxe3 16. Nd7 Qc7 17. Qe1 Qxd7 18. Qg3 Nxf1 19. Rxf1 Ng6 20. Kh1 Qc7 21. Nf3 Bxf4 22. Qe1 Be4 23. Ne5 Nxe5 24. Rxf4 Nd3 25. Qc3 Nxf4 26. Bf3 Bxf3 27. gxf3 cxd4 28. Qxd4 e5 29. Qg1 d4 30. Qg5 Qc6 31. Qg3 Rfe8 32. Qg4 Re6 0-1

[Event "Reykjavik op"]
[Site "Reykjavik"]
[Date "2015.03.13"]
[Round "5"]
[White "Lee, Gudmundur Kristinn"]
[Black "Jonsson, Gauti Pall"]
[Result "1/2-1/2"]
[WhiteElo "1676"]
[BlackElo "1968"]
[PlyCount "121"]
[EventDate "2015.03.10"]
[EventType "swiss"]
[EventRounds "10"]
[EventCountry "ISL"]
[SourceTitle "CBM 165 Extra"]
[Source "ChessBase"]
[SourceDate "2015.04.21"]
[SourceVersion "1"]
[SourceVersionDate "2015.04.21"]
[SourceQuality "1"]

1. e4 c5 2. Nf3 e6 3. c3 d5 4. Bb5+ Bd7 5. Qa4 Nc6 6. exd5 exd5 7. 0-0 a6 8. Re1+ Be7 9. Bxc6 Bxc6 10. Qg4 g6 11. d4 Nf6 12. Qg3 Ne4 13. Qf4 0-0 14. Nbd2 f5 15. Qh6 f4 16. h4 Rf5 17. Nxe4 Bf8 18. Qxf8+ Rxf8 19. Nxc5 Qf6 20. Re6 Qg7 21. Re5 Rae8 22. Ne6 Qxe5 23. Nxe5 Rxe6 24. Bd2 Kg7 25. f3 h6 26. Kf2 g5 27. Rh1 Be8 28. b3 Bg6 29. Re1 Rc8 30. Rh1 b5 31. Rc1 a5 32. a3 Re7 33. Re1 b4 34. axb4 axb4 35. c4 dxc4 36. Nxc4 Rxe1 37. Bxe1 Bf7 38. Bxb4 Bxc4 39. bxc4 Rxc4 40. Bd6 Rc2+ 41. Kg1 Kg6 42. hxg5 hxg5 43. g3 Kf5 44. gxf4 gxf4 45. Kf1 Rd2 46. Be5 Rh2 47. Kg1 Rh4 48. Kg2 Ke6 49. Kf2 Kd5 50. Bf6 Rh2+ 51. Ke1 Kc4 52. Bg5 Kxd4 53. Bxf4 Ra2 54. Kf1 Kd3 55. Ke1 Re2+ 56. Kf1 Ra2 57. Ke1 Ra4 58. Bg5 Kd4 59. Kf2 Ke5 60. Kg3 Kf5 61. Bd2 1/2-1/2

[Event "Reykjavik op"]
[Site "Reykjavik"]
[Date "2014.03.10"]
[Round "8"]
[White "Lee, Gudmundur Kristinn"]
[Black "Stolberg Rohr, Thomine"]
[Result "1-0"]
[WhiteElo "1649"]
[BlackElo "1964"]
[PlyCount "123"]
[EventDate "2014.03.04"]
[EventType "swiss"]
[EventRounds "10"]
[EventCountry "ISL"]
[SourceTitle "CBM 159 Extra"]
[Source "ChessBase"]
[SourceDate "2014.04.24"]
[SourceVersion "1"]
[SourceVersionDate "2014.04.24"]
[SourceQuality "1"]

1. d4 Nf6 2. c4 g6 3. Nc3 Bg7 4. e4 d6 5. Nf3 0-0 6. Bd3 e5 7. d5 c5 8. 0-0 Na6 9. h3 Rb8 10. Nh2 Nh5 11. Be2 Nf4 12. Bxf4 exf4 13. Qd2 g5 14. Rac1 Re8 15. Bf3 Nc7 16. Rfe1 a6 17. Qe2 b5 18. b3 b4 19. Nb1 Bf5 20. Nf1 Bg6 21. Nfd2 Re7 22. Bh5 f5 23. Bxg6 hxg6 24. Qd3 Qe8 25. Kf1 Qf7 26. exf5 Rxe1+ 27. Rxe1 gxf5 28. a4 bxa3 29. Nxa3 Re8 30. Nc2 Rxe1+ 31. Nxe1 Qf6 32. g4 fxg3 33. Qxg3 Kf7 34. Qf3 Kg6 35. Nc2 Qc3 36. Qxc3 Bxc3 37. Nf3 f4 38. Ke2 Ne8 39. Kd3 Bg7 40. Nce1 Nf6 41. Nd2 Kf5 42. f3 Nd7 43. Ne4 Bf8 44. Nc2 Be7 45. Ne1 Ne5+ 46. Ke2 Ng6 47. Ng2 Ke5 48. Kd3 Bd8 49. Kc3 a5 50. Ne1 Be7 51. Ng2 Nh8 52. Kd3 Nf7 53. Ne1 Nh6 54. Ke2 Nf5 55. Kd3 Nd4 56. Nd2 Nf5 57. Ne4 Nh4 58. Ke2 Bd8 59. Nd3+ Kd4 60. Nxd6 Kc3 61. Nb7 Nxf3 62. Kxf3 1-0

[Event "Reykjavik op"]
[Site "Reykjavik"]
[Date "2014.03.08"]
[Round "6"]
[White "Lee, Gudmundur Kristinn"]
[Black "Ragnarsson, Heimir Pall"]
[Result "1-0"]
[WhiteElo "1649"]
[BlackElo "1424"]
[PlyCount "73"]
[EventDate "2014.03.04"]
[EventType "swiss"]
[EventRounds "10"]
[EventCountry "ISL"]
[SourceTitle "CBM 159 Extra"]
[Source "ChessBase"]
[SourceDate "2014.04.24"]
[SourceVersion "1"]
[SourceVersionDate "2014.04.24"]
[SourceQuality "1"]

1. e4 c5 2. Nf3 d6 3. d4 cxd4 4. Nxd4 Nf6 5. Nc3 g6 6. Bc4 Bg7 7. f3 a6 8. Be3 b5 9. Bb3 Bb7 10. Qd2 h5 11. 0-0 Nbd7 12. a4 b4 13. Nd5 a5 14. Rad1 Nc5 15. Bc4 0-0 16. b3 Rc8 17. Nb5 Nxa4 18. Na7 Bxd5 19. exd5 Rxc4 20. bxc4 Nb6 21. Nc6 Nxc4 22. Qe2 Nxd5 23. Rxd5 Nxe3 24. Nxd8 Nxd5 25. Nc6 Rc8 26. Nxa5 Bd4+ 27. Kh1 Ne3 28. Rc1 Rc3 29. Nb3 Bb6 30. Qb5 Bc5 31. Qe8+ Kg7 32. Qxe7 Nxc2 33. Na1 b3 34. Nxc2 Ba3 35. Qe1 Rxc2 36. Rxc2 bxc2 37. Qc3+ 1-0

[Event "Reykjavik op"]
[Site "Reykjavik"]
[Date "2014.03.06"]
[Round "4"]
[White "Lee, Gudmundur Kristinn"]
[Black "Petersen, Jakob Alexander"]
[Result "1-0"]
[WhiteElo "1649"]
[BlackElo "1425"]
[PlyCount "87"]
[EventDate "2014.03.04"]
[EventType "swiss"]
[EventRounds "10"]
[EventCountry "ISL"]
[SourceTitle "CBM 159 Extra"]
[Source "ChessBase"]
[SourceDate "2014.04.24"]
[SourceVersion "1"]
[SourceVersionDate "2014.04.24"]
[SourceQuality "1"]

1. d4 g6 2. c4 Bg7 3. Nc3 e6 4. Nf3 Nc6 5. Bf4 Nge7 6. e3 0-0 7. g4 d6 8. Bg3 Re8 9. h4 e5 10. d5 Nb4 11. g5 Nf5 12. a3 Nxg3 13. fxg3 Na6 14. e4 Bg4 15. Be2 c6 16. Nh2 Bxe2 17. Qxe2 Nc7 18. 0-0 Rf8 19. Rf2 f5 20. gxf6 Rxf6 21. Rxf6 Bxf6 22. Rf1 Qe7 23. Qf2 Rf8 24. Qxa7 cxd5 25. cxd5 b5 26. Qb7 Qd7 27. Kg2 Rf7 28. Qc6 Qxc6 29. dxc6 Bd8 30. Rxf7 Kxf7 31. Nd5 Ke6 32. Nc3 g5 33. h5 h6 34. Ng4 Be7 35. Ne3 g4 36. Ned5 Bd8 37. Nxc7+ Bxc7 38. Nxb5 Bb6 39. c7 Kd7 40. c8Q+ Kxc8 41. Nxd6+ Kd7 42. Nf5 Bd4 43. Nxd4 exd4 44. Kf2 1-0

[Event "Reykjavik-ch"]
[Site "Reykjavik"]
[Date "2012.01.08"]
[Round "1"]
[White "Thorfinnsson, Bjorn"]
[Black "Lee, Gudmundur Kristinn"]
[Result "1-0"]
[WhiteElo "2386"]
[BlackElo "1647"]
[PlyCount "63"]
[EventDate "2012.01.08"]
[EventType "swiss"]
[EventRounds "9"]
[EventCountry "ISL"]
[SourceTitle "EXT 2014"]
[Source "ChessBase"]
[SourceDate "2013.11.20"]
[SourceVersion "1"]
[SourceVersionDate "2013.11.20"]
[SourceQuality "1"]

1. d4 d5 2. c4 c6 3. Nf3 Nf6 4. Qc2 g6 5. Bf4 Bg7 6. e3 Be6 7. Nbd2 0-0 8. h3 Na6 9. c5 Bf5 10. Qb3 b5 11. Ne5 Rc8 12. g4 Bd7 13. a4 Qa5 14. Qd1 Nb4 15. Ra3 Qd8 16. axb5 cxb5 17. Rxa7 Nc6 18. Nxc6 Bxc6 19. Bg2 Nd7 20. b4 e5 21. dxe5 Nxe5 22. Bxe5 Bxe5 23. 0-0 Qf6 24. Nf3 Bc3 25. Qb3 Ra8 26. Rc7 Ra6 27. g5 Qg7 28. Rc1 Be5 29. Re7 Bb8 30. Nd4 Rd8 31. Nxc6 Rxc6 32. Bxd5 1-0

[Event "South Wales op 8th"]
[Site "Penarth"]
[Date "2011.07.11"]
[Round "4"]
[White "Lee, Gudmundur Kristinn"]
[Black "Jaunooby, Ali Reza"]
[Result "0-1"]
[WhiteElo "1622"]
[BlackElo "2130"]
[PlyCount "66"]
[EventDate "2011.07.09"]
[EventType "swiss"]
[EventRounds "9"]
[EventCountry "WLS"]
[SourceTitle "CBM 143 Extra"]
[Source "ChessBase"]
[SourceDate "2011.08.29"]
[SourceVersion "1"]
[SourceVersionDate "2011.08.29"]
[SourceQuality "1"]

1. d4 g6 2. e4 Bg7 3. Nf3 d6 4. Bc4 Nf6 5. Nc3 0-0 6. 0-0 Nxe4 7. Bxf7+ Rxf7 8. Nxe4 h6 9. Be3 d5 10. Ng3 Bg4 11. Qd3 Bxf3 12. gxf3 Qd6 13. f4 Nd7 14. Kh1 Kh7 15. Nh5 Bh8 16. Rg1 Rg8 17. Rg2 c5 18. c3 cxd4 19. cxd4 Nf8 20. Rag1 Qd7 21. Qb3 Ne6 22. Qd3 Nf8 23. Qb3 Qh3 24. Qxd5 Rf5 25. Qxb7 Qxh5 26. Qxa7 Bf6 27. b4 Qf3 28. a4 Rg7 29. Qb8 Ne6 30. Qb6 Qe4 31. a5 g5 32. fxg5 Nxg5 33. Qa6 Nh3 0-1

[Event "South Wales op 8th"]
[Site "Penarth"]
[Date "2011.07.10"]
[Round "3"]
[White "Mottonen, Ari"]
[Black "Lee, Gudmundur Kristinn"]
[Result "1/2-1/2"]
[WhiteElo "1997"]
[BlackElo "1622"]
[PlyCount "56"]
[EventDate "2011.07.09"]
[EventType "swiss"]
[EventRounds "9"]
[EventCountry "WLS"]
[SourceTitle "CBM 143 Extra"]
[Source "ChessBase"]
[SourceDate "2011.08.29"]
[SourceVersion "1"]
[SourceVersionDate "2011.08.29"]
[SourceQuality "1"]

1. d4 d5 2. Nf3 g6 3. g3 Bg7 4. Bg2 Nc6 5. 0-0 Nf6 6. Nbd2 Bf5 7. c3 0-0 8. Nh4 e6 9. Nxf5 exf5 10. Nb3 Re8 11. Nc5 b6 12. Nd3 Na5 13. Ne5 Nb7 14. c4 Ne4 15. f3 Ned6 16. Nc6 Qf6 17. cxd5 Nd8 18. e3 Nxc6 19. dxc6 Nc4 20. Qd3 Na5 21. f4 Rad8 22. Qb5 h5 23. b4 a6 24. Qxa6 Nxc6 25. Bxc6 Qxc6 26. Qd3 Re4 27. Bb2 Qe6 28. Rf3 c5 1/2-1/2

[Event "South Wales op 8th"]
[Site "Penarth"]
[Date "2011.07.09"]
[Round "2"]
[White "Lee, Gudmundur Kristinn"]
[Black "Wills, Alex"]
[Result "1/2-1/2"]
[WhiteElo "1622"]
[BlackElo "1724"]
[PlyCount "66"]
[EventDate "2011.07.09"]
[EventType "swiss"]
[EventRounds "9"]
[EventCountry "WLS"]
[SourceTitle "CBM 143 Extra"]
[Source "ChessBase"]
[SourceDate "2011.08.29"]
[SourceVersion "1"]
[SourceVersionDate "2011.08.29"]
[SourceQuality "1"]

1. e4 e5 2. Nf3 Nc6 3. d4 exd4 4. Nxd4 Nf6 5. Nc3 Bb4 6. Nxc6 bxc6 7. Bg5 Qe7 8. Bd3 h6 9. Bxf6 Qxf6 10. Qd2 d5 11. a3 Ba5 12. b4 Bb6 13. 0-0 Bd4 14. e5 Bxe5 15. Rae1 0-0 16. Ne2 Re8 17. f4 Bd6 18. Ng3 Bd7 19. Qf2 Rxe1 20. Qxe1 Bxf4 21. Nh5 Qd4+ 22. Kh1 Bg5 23. Qg3 Rc8 24. Ba6 Rf8 25. Qxc7 Bg4 26. Ng3 Qb6 27. Qb7 f6 28. h3 Rb8 29. Qxb6 Rxb6 30. Bd3 Be6 31. Ne2 Rb8 32. Nd4 Bd7 33. Bg6 Kf8 1/2-1/2

[Event "ISL-chB"]
[Site "Mosfellsbaer"]
[Date "2010.04.07"]
[Round "6"]
[White "Lee, Gudmundur Kristinn"]
[Black "Hauksdottir, Hrund"]
[Result "1-0"]
[WhiteElo "1534"]
[BlackElo "1616"]
[PlyCount "87"]
[EventDate "2010.03.31"]
[EventType "swiss"]
[EventRounds "9"]
[EventCountry "ISL"]
[SourceTitle "EXT 2014"]
[Source "ChessBase"]
[SourceDate "2013.11.20"]
[SourceVersion "1"]
[SourceVersionDate "2013.11.20"]
[SourceQuality "1"]

1. e4 e5 2. Nf3 Nc6 3. d4 exd4 4. Bc4 Bc5 5. c3 Nge7 6. cxd4 Bb4+ 7. Nc3 d5 8. exd5 Nxd5 9. 0-0 Nxc3 10. Qe1+ Be7 11. bxc3 0-0 12. Bf4 Bf5 13. Qd2 Na5 14. Bd3 Bxd3 15. Qxd3 Nc6 16. Ne5 Nxe5 17. Bxe5 Bd6 18. Rfe1 Re8 19. Qg3 Bxe5 20. Rxe5 Qd7 21. Rae1 Rad8 22. h3 c6 23. Rxe8+ Rxe8 24. Rxe8+ Qxe8 25. Qc7 h6 26. Qxb7 Qe1+ 27. Kh2 Qxc3 28. Qxa7 Qd2 29. Qa8+ Kh7 30. Qxc6 Qxd4 31. Qc2+ Kg8 32. a4 Qb4 33. g3 g6 34. Qd1 Kh7 35. Qd7 Kg7 36. Qa7 h5 37. h4 Qd2 38. a5 g5 39. hxg5 Qxg5 40. a6 h4 41. Qd4+ f6 42. Qxh4 Qc5 43. Qg4+ Kh6 44. Qf3 1-0

[Event "Reykjavik op"]
[Site "Reykjavik"]
[Date "2010.02.25"]
[Round "2"]
[White "Sigurdsson, Sverrir"]
[Black "Lee, Gudmundur Kristinn"]
[Result "1-0"]
[WhiteElo "2016"]
[BlackElo "1534"]
[PlyCount "35"]
[EventDate "2010.02.24"]
[EventType "swiss"]
[EventRounds "9"]
[EventCountry "ISL"]
[SourceTitle "CBM 135 Extra"]
[Source "ChessBase"]
[SourceDate "2010.05.04"]
[SourceVersion "1"]
[SourceVersionDate "2010.05.04"]
[SourceQuality "1"]

1. e4 c5 2. Nf3 e6 3. c3 Nc6 4. d4 cxd4 5. cxd4 Nf6 6. Nc3 Bb4 7. Bd3 Qb6 8. Be3 Ng4 9. 0-0 Nxe3 10. fxe3 Bxc3 11. bxc3 d6 12. Ng5 Ne5 13. Rb1 Qd8 14. dxe5 Qxg5 15. Bb5+ Kf8 16. Qxd6+ Qe7 17. Rxf7+ Kxf7 18. Rf1+ 1-0

[Event "Reykjavik Meistaramot Hellis op"]
[Site "Reykjavik"]
[Date "2009.02.04"]
[Round "2"]
[White "Steingrimsson, Brynjar"]
[Black "Lee, Gudmundur Kristinn"]
[Result "0-1"]
[WhiteElo "1160"]
[BlackElo "1499"]
[PlyCount "68"]
[EventDate "2009.02.02"]
[EventType "swiss"]
[EventRounds "7"]
[EventCountry "ISL"]
[SourceTitle "EXT 2010"]
[Source "ChessBase"]
[SourceDate "2010.11.25"]
[SourceVersion "1"]
[SourceVersionDate "2010.11.25"]
[SourceQuality "1"]

1. d4 d5 2. c4 c6 3. Nc3 Nf6 4. Nf3 dxc4 5. e4 b5 6. a4 Bd7 7. d5 a6 8. dxc6 Bxc6 9. Qxd8+ Kxd8 10. axb5 axb5 11. Rxa8 Bxa8 12. Nxb5 Nxe4 13. Bxc4 e6 14. 0-0 Bc5 15. Rd1+ Ke7 16. Rf1 Nd7 17. Nfd4 Nb6 18. Bd3 Nf6 19. Be3 Nbd7 20. h3 Nd5 21. Rc1 Nxe3 22. fxe3 h6 23. Nc7 Bb7 24. Bb5 Bxd4 25. exd4 Rc8 26. d5 Kd6 27. Bxd7 Kxd7 28. dxe6+ fxe6 29. Rd1+ Kxc7 30. Rc1+ Kd7 31. Rxc8 Kxc8 32. Kf2 Kd7 33. Ke3 Bxg2 34. h4 h5 0-1

[Event "Reykjavik TR-chE"]
[Site "Reykjavik"]
[Date "2008.11.14"]
[Round "9"]
[White "Kjartansson, Dagur"]
[Black "Lee, Gudmundur Kristinn"]
[Result "0-1"]
[WhiteElo "1496"]
[BlackElo "1488"]
[PlyCount "61"]
[EventDate "2008.10.26"]
[EventType "swiss"]
[EventRounds "9"]
[EventCountry "ISL"]
[SourceTitle "EXT 2010"]
[Source "ChessBase"]
[SourceDate "2010.11.25"]
[SourceVersion "1"]
[SourceVersionDate "2010.11.25"]
[SourceQuality "1"]

1. d4 d5 2. c4 c6 3. Nc3 Nf6 4. cxd5 cxd5 5. Nf3 g6 6. g3 Bg7 7. Bg2 0-0 8. 0-0 Nc6 9. Re1 Be6 10. Ng5 Bf5 11. Qb3 Nxd4 12. Qd1 e5 13. e4 dxe4 14. Ngxe4 Qb6 15. Nxf6+ Bxf6 16. Nd5 Qd6 17. Nxf6+ Qxf6 18. Bxb7 Rab8 19. Be4 Rfd8 20. Kg2 Bxe4+ 21. Rxe4 Nb3 22. Qg4 Nxa1 23. Bg5 Qc6 24. Bxd8 f5 25. Qd1 Qxe4+ 26. Kg1 Nc2 27. Qd6 Qb7 28. Bc7 Re8 29. Qc5 Nd4 30. Kf1 Qb5+ 31. Ke1 0-1